00514nam a2200157Ia 4500008004100000082001000041100005100051245003000102250000600132260004800138300000800186600005100194630003000245700005100275730003000326090123s9999 xx 000 0 und d b36242 aराजाध्यक्ष विजया aआधी....नंतर a1 bडिंपल प्रकाशनc2001 a248 aराजाध्यक्ष विजया aआधी....नंतर aराजाध्यक्ष विजया aआधी....नंतर